000 00655nam a2200181Ia 4500
008 151202s9999||||xx |||||||||||||| ||und||
082 _bPNVM-35730
100 _aदेशपांडे शं.ह.
245 _aवृत्तविद्येचे अंतरंग.
260 _b"अंजु प्रकाशन,पुणे."
260 _c1970
300 _a128
600 _aदेशपांडे शं.ह.
630 _aवृत्तविद्येचे अंतरंग.
700 _aदेशपांडे शं.ह.
730 _aवृत्तविद्येचे अंतरंग.
942 _cBOOK
999 _c1301683
_d1301680